000 00817nam2a2200205 4500
001 RU\NLR\PER_A\002974908_002390
005 20250624045349.0
035 _a(NLR Aleph) 012484764
090 _a12149652
_c12149652
100 _a20210325d2021 |||y0rusy50 ca
101 0 _arus
102 _aRU
200 0 _a2021, № 2 (116)
210 _d2021
_aБ. м.
461 0 _1001RU\NLR\Per\728031
_12001#$aКоммерческий директор$eпрофессиональный журнал коммерсанта$v2021, № 2 (116)
_94099142
_cМосква
_d2010 -
_nБизнеском
_oпрофессиональный журнал коммерсанта
_tКоммерческий директор
_x1818-2933
_v2021, № 2 (116)
852 _aNLR
_jП23/8018
942 _cISSUE
980 _aNB
980 _aRUSPER